Statistiken für Top 100 europäische Fußballvereine

Klicken Sie hier um das Quiz zu spielen!

Allgemein

  • Dieses Quiz wurde 7.340 mal gespielt
  • Das Durchschnittsergebnis liegt bei 43 aus 100

Antwortstatistiken

HinweisVerein% Korrekt
2 ESPBarcelona
99%
3 GERBayern München
99%
1 ESPReal Madrid
99%
4 ITAAC Mailand
96%
7 ENGManchester United
96%
25 GERBorussia Dortmund
94%
9 ITAInternazionale Mailand
94%
5 ITAJuventus
94%
58 ENGManchester City
94%
8 NEDAjax Amsterdam
93%
6 ENGLiverpool
93%
13 PORPorto
88%
18 ENGChelsea
86%
14 ENGArsenal
85%
10 PORBenfica
85%
12 SCORangers
79%
19 ESPAtlético Madrid
77%
11 SCOCeltic
77%
57 FRAParis Saint-Germain
77%
24 ENGTottenham Hotspur
75%
16 NEDPSV Eindhoven
74%
40 ITAAS Rom
73%
32 GERHamburg
71%
69 GERSchalke 04
71%
30 PORSporting Lissabon
70%
83 SPASevilla
67%
34 FRAMarseille
66%
54 FRALyon
62%
39 GERBorussia Mönchengladbach
60%
81 ITANeapel
60%
21 ESPValencia
59%
64 ITALazio Rom
58%
17 UKRDynamo Kiev
57%
42 TURGalatasaray
53%
20 SRBRed Star Belgrad
52%
22 NEDFeyenoord
51%
15 BELAnderlecht
48%
29 AUTRapid Wien
48%
84 GERVfB Stuttgart
47%
74 GERKöln
46%
91 TURFenerbahçe
45%
99 ENGWest Ham United
44%
36 ESPAthletic Bilbao
43%
52 FRAAS Monaco
42%
37 ENGEverton
42%
28 GREOlympiakos
42%
101 RUSZenit Sankt Petersburg
42%
31 AUTAustria Wien
41%
47 CRODinamo Zagreb
41%
38 ENGAston Villa
40%
92 SUIBasel
39%
50 GERWerder Bremen
38%
63 UKRShakhtar Donetsk
37%
46 ENGNottingham Forest
36%
61 RUSZSKA Moskau
35%
59 ENGNewcastle United
34%
26 CZESparta Prag
34%
79 SWEMalmö
33%
75 CZESlavia Prag
32%
96 GREAEK Athen
30%
33 RUSSpartak Moscow
30%
82 GEREintracht Frankfurt
28%
41 BELClub Brugge
26%
70 ITAFC Turin
26%
45 ENGLeeds United
26%
95 POLLegia Warschau
24%
23 HUNFerencváros
23%
27 ROMSteaua Bucharest
23%
53 ITAFiorentina
22%
44 SERPartizan Belgrad
22%
72 FRABordeaux
21%
94 RUSDynamo Moskau
20%
49 GREPanathinaikos
20%
60 FRASaint-Étienne
20%
86 ENGWolverhampton Wanderers
19%
66 ITAParma
17%
65 CROHajduk Split
16%
78 FRANantes
15%
67 BELStandard Liège
14%
87 ITAUC Sampdoria
14%
77 SCOAberdeen
13%
80 ITABologna
13%
51 SWEIFK Göteborg
13%
98 NORRosenborg BK
13%
73 SUIGrasshopper
12%
43 BULZSKA Sofia
12%
55 SVKŠK Slovan Bratislava
9%
93 GERDynamo Dresden
8%
100 GERMagdeburg
8%
89 GEODinamo Tiflis
7%
88 FRAStade Reims
7%
56 BULLevski Sofia
6%
90 HUNBudapest Honvéd
5%
35 HUNÚjpest
5%
68 ESPReal Saragossa
4%
48 HUNMTK Budapest
3%
97 POLGórnik Zabrze
2%
76 NIRLinfield
2%
71 ROMDinamo Bucharest
1%
85 HUNVasas
1%

Verteilung der Resultate

Perzentil nach korrekt beantworteten Fragen

Anzahl Personen mit jedem Resultat

Ihre Resultats-Entwicklung

Sie haben dieses Quiz noch nicht gespielt